000 00581nam a2200193 i 4500
001 79922
003 ES-MaACL
005 20230906174101.0
007 t|
008 041025s1970 sp ||||1| spa d
100 1 _aHess, Rudolf.
_963465
245 1 0 _aCartas desde la celda 7 /
_cRudolf Hess ; selección y edición de Ilse Hess ; [versión Jesús Ruiz].
250 _a[1ª ed.].
260 _aBarcelona :
_bCaralt,
_c[1970]
300 _a280 p., 4 lám. ;
_c20 cm.
700 1 _aHess, Ilse.
_963459
700 1 _aRuiz, Jesús.
_9100613
852 _aES-MaACL
_jC-39522
_bR.73657
999 _c79922
_d79922